[Event "Reykjavik Open 2010"]
[Site "Reykjavik City Hall"]
[Date "2010.03.03"]
[Round "9.10"]
[White "Romanishin, Oleg M"]
[Black "Ansell, Simon T"]
[Result "1/2-1/2"]
[WhiteElo "2512"]
[BlackElo "2381"]
[PlyCount "84"]
[EventDate "2010.02.24"]

1. Nf3 e6 2. g3 f5 3. Bg2 Nf6 4. d4 Be7 5. O-O O-O 6. c4 d6 7. Nc3 a5 8. Qc2
Nc6 9. a3 e5 10. d5 Nb8 11. Ng5 c6 12. Rd1 Ng4 13. Ne6 Bxe6 14. dxe6 Qb6 15.
Rf1 e4 16. Na4 Qc7 17. f3 exf3 18. exf3 Ne5 19. b3 Na6 20. f4 Ng4 21. h3 Bf6
22. hxg4 Bxa1 23. Be3 Bf6 24. gxf5 Nc5 25. Nxc5 dxc5 26. Bxc5 Be7 27. Be3 Bxa3
28. c5 Qe7 29. Be4 a4 30. Rb1 axb3 31. Rxb3 Ra5 32. Qc3 Rfa8 33. Kg2 Bxc5 34.
Bxc5 Rxc5 35. Rxb7 Qxb7 36. Qxc5 Ra2+ 37. Kh3 Qb2 38. f6 Qh2+ 39. Kg4 Qe2+ 40.
Kh4 Qh2+ 41. Kg4 Qe2+ 42. Kh4 Qh2+ 1/2-1/2

[Event "Reykjavik Open 2010"]
[Site "Reykjavik City Hall"]
[Date "2010.03.03"]
[Round "9.11"]
[White "Cori T, Deysi"]
[Black "Danielsen, Henrik"]
[Result "0-1"]
[WhiteElo "2412"]
[BlackElo "2495"]
[PlyCount "80"]
[EventDate "2010.02.24"]

1. d4 d6 2. Nf3 g6 3. c4 Bg7 4. g3 c5 5. Bg2 Nc6 6. d5 Na5 7. Qc2 a6 8. a4 Bd7
9. O-O Nf6 10. Nfd2 O-O 11. Nc3 e5 12. dxe6 Bxe6 13. Rd1 Qb6 14. Nd5 Bxd5 15.
cxd5 Rfe8 16. e3 Rac8 17. Nc4 Nxc4 18. Qxc4 Nd7 19. a5 Qb4 20. Qc2 c4 21. Qa4
Qb5 22. Bf1 Ne5 23. Be2 Qc5 24. e4 h5 25. Be3 Qb5 26. Bd4 Nd7 27. Qa3 Rxe4 28.
Bxg7 Rxe2 29. Qf3 Rxb2 30. Bxb2 Qxb2 31. Rab1 Qc2 32. Rdc1 Qd2 33. Rd1 Qxa5 34.
Rxb7 Ne5 35. Qf6 c3 36. Qxd6 c2 37. Rf1 c1=Q 38. Rxc1 Rxc1+ 39. Kg2 Qe1 40.
Rb8+ Kh7 0-1

[Event "Reykjavik Open 2010"]
[Site "Reykjavik City Hall"]
[Date "2010.03.03"]
[Round "9.15"]
[White "Lagerman, Robert"]
[Black "Bromann, Thorbjorn"]
[Result "1/2-1/2"]
[WhiteElo "2347"]
[BlackElo "2434"]
[PlyCount "66"]
[EventDate "2010.02.24"]

1. e4 e6 2. d4 d5 3. Nd2 dxe4 4. Nxe4 Bd7 5. Nf3 Bc6 6. Bd3 Nd7 7. Qe2 Ngf6 8.
Bd2 Bxe4 9. Bxe4 Nxe4 10. Qxe4 c6 11. O-O Nf6 12. Qe2 Be7 13. c4 O-O 14. Rad1
Qb6 15. Bc1 a5 16. d5 cxd5 17. cxd5 Ra6 18. Rd3 Qb5 19. dxe6 Rxe6 20. Qd1 Re4
21. Rb3 Qc6 22. Rc3 Qb6 23. Rb3 Qc7 24. Rc3 Qb8 25. h3 b5 26. Be3 Ra4 27. a3
Rd8 28. Rd3 Rc4 29. Rxd8+ Bxd8 30. Qd3 h6 31. b3 Rc8 32. Nd4 b4 33. axb4 axb4
1/2-1/2

[Event "Reykjavik Open 2010"]
[Site "Reykjavik City Hall"]
[Date "2010.03.03"]
[Round "9.16"]
[White "Westerinen, Heikki M J"]
[Black "Gunnarsson, Jon Viktor"]
[Result "1/2-1/2"]
[WhiteElo "2333"]
[BlackElo "2429"]
[PlyCount "34"]
[EventDate "2010.02.24"]

1. e4 c5 2. Nf3 d6 3. d4 cxd4 4. Nxd4 Nf6 5. f3 e5 6. Bb5+ Nbd7 7. Nf5 d5 8.
exd5 a6 9. Ba4 b5 10. Bb3 Bb7 11. Bg5 h6 12. Bh4 g6 13. Ne3 Bc5 14. Qe2 Qb6 15.
Bf2 O-O 16. Nc3 e4 17. f4 Qc7 1/2-1/2

[Event "Reykjavik Open 2010"]
[Site "Reykjavik City Hall"]
[Date "2010.03.03"]
[Round "9.18"]
[White "Thorfinnsson, Bjorn"]
[Black "Kogan, Artur"]
[Result "0-1"]
[WhiteElo "2383"]
[BlackElo "2524"]
[PlyCount "54"]
[EventDate "2010.02.24"]

1. d4 d5 2. c4 dxc4 3. Nf3 Nf6 4. e3 Bg4 5. Bxc4 e6 6. Qb3 Bxf3 7. gxf3 c5 8.
dxc5 Bxc5 9. Nc3 Nbd7 10. O-O O-O 11. Be2 Bb6 12. Rd1 Rc8 13. Qa4 Qe7 14. Qh4
Ne5 15. Bd2 Ng6 16. Qh3 Nd5 17. Nxd5 exd5 18. Kf1 Rc2 19. Bd3 Rc6 20. Bc3 Nh4
21. Bb5 Rg6 22. Rxd5 Qe6 23. Qxe6 fxe6 24. Rh5 Nxf3 25. Rd1 Bxe3 26. fxe3 Nd4+
27. Ke1 Rg1+ 0-1

[Event "Reykjavik Open 2010"]
[Site "Reykjavik City Hall"]
[Date "2010.03.03"]
[Round "9.20"]
[White "Thorhallsson, Throstur"]
[Black "Thorgeirsson, Sverrir"]
[Result "1/2-1/2"]
[WhiteElo "2426"]
[BlackElo "2176"]
[PlyCount "34"]
[EventDate "2010.02.24"]

1. e4 e6 2. d4 d5 3. Nc3 Nf6 4. Bg5 dxe4 5. Nxe4 Be7 6. Bxf6 gxf6 7. Nf3 f5 8.
Nc3 Bf6 9. Qd2 c5 10. Bb5+ Bd7 11. Bxd7+ Nxd7 12. O-O-O Qa5 13. Kb1 O-O-O 14.
Ne2 Qb5 15. Nc3 Qa5 16. Ne2 Qb5 17. Nc3 Qa5 1/2-1/2

[Event "Reykjavik Open 2010"]
[Site "Reykjavik City Hall"]
[Date "2010.03.03"]
[Round "9.21"]
[White "Tania, Sachdev"]
[Black "Vaarala, Eric"]
[Result "1-0"]
[WhiteElo "2398"]
[BlackElo "2032"]
[PlyCount "97"]
[EventDate "2010.02.24"]

1. d4 d5 2. c4 c6 3. Nf3 Nf6 4. e3 e6 5. b3 a6 6. Bd3 Nbd7 7. Bb2 Bb4+ 8. Nbd2
Ne4 9. O-O f5 10. a3 Be7 11. Qc2 O-O 12. b4 Ndf6 13. Ne5 Nxd2 14. Qxd2 Ne4 15.
Qc2 Bd7 16. f3 Nd6 17. c5 Nf7 18. Nxd7 Qxd7 19. a4 g6 20. b5 axb5 21. axb5 Bf6
22. f4 g5 23. Bc3 Nh6 24. Qb2 Ng4 25. Rfe1 Qc7 26. bxc6 Rxa1 27. Rxa1 Qxc6 28.
Qd2 gxf4 29. exf4 Bg7 30. Rb1 e5 31. Bb5 Qh6 32. h3 exf4 33. hxg4 fxg4 34. Bd7
g3 35. Bh3 Qh5 36. Rf1 f3 37. Qe3 Bh6 38. Qe6+ Kg7 39. Rxf3 Rxf3 40. gxf3 Qxf3
41. Qg4+ Qxg4 42. Bxg4 Bf4 43. Bc8 h5 44. Bxb7 h4 45. Kg2 Kf6 46. Bxd5 Kf5 47.
Ba5 Bb8 48. c6 Kg4 49. Be6+ 1-0

[Event "Reykjavik Open 2010"]
[Site "Reykjavik City Hall"]
[Date "2010.03.03"]
[Round "9.22"]
[White "Arngrimsson, Dagur"]
[Black "Grover, Sahaj"]
[Result "1/2-1/2"]
[WhiteElo "2383"]
[BlackElo "2448"]
[PlyCount "91"]
[EventDate "2010.02.24"]

1. e4 e6 2. d4 d5 3. exd5 exd5 4. Nf3 Nc6 5. Bb5 Bd6 6. c4 dxc4 7. O-O Nge7 8.
Bxc4 O-O 9. h3 Be6 10. Bxe6 fxe6 11. Qe2 Qd7 12. Nc3 Nd5 13. Ne4 h6 14. Bd2 Qf7
15. Rfe1 Bf4 16. Bc3 Rae8 17. Ne5 Bxe5 18. dxe5 Nxc3 19. bxc3 Nxe5 20. Qb5 c5
21. Re2 Rd8 22. Qxc5 Nd3 23. Qxa7 Nf4 24. Re3 Qg6 25. Ng3 h5 26. Qxb7 h4 27.
Ne2 Nd5 28. Qa7 Nxe3 29. Qxe3 Qf6 30. Nd4 Rd6 31. Rb1 Ra8 32. Qe4 Rda6 33. Rb7
Rxa2 34. Qxe6+ Qxe6 35. Nxe6 R8a7 36. Rb8+ Kf7 37. Ng5+ Kf6 38. Nf3 R2a4 39.
Rh8 Ra8 40. Rxa8 Rxa8 41. Nxh4 Rc8 42. g3 Rxc3 43. Kg2 Ke5 44. Nf3+ Kd5 45. h4
Ra3 46. Ng5 1/2-1/2

[Event "Reykjavik Open 2010"]
[Site "Reykjavik City Hall"]
[Date "2010.03.03"]
[Round "9.23"]
[White "Gislason, Gudmundur"]
[Black "Hjartarson, Bjarni"]
[Result "1-0"]
[WhiteElo "2382"]
[BlackElo "2162"]
[PlyCount "59"]
[EventDate "2010.02.24"]

1. d4 Nf6 2. Nf3 e6 3. c4 c5 4. Nc3 cxd4 5. Nxd4 Bc5 6. a3 Nc6 7. Ndb5 O-O 8.
Bf4 e5 9. Bg3 d6 10. b4 Bd4 11. e3 Bxc3+ 12. Nxc3 Ne7 13. Be2 Nf5 14. Qc2 a6
15. Rd1 Qc7 16. Bd3 g6 17. O-O b6 18. Qd2 Ne8 19. Nd5 Qd8 20. Bxf5 Bxf5 21. f4
Bg4 22. Rc1 f6 23. e4 Be6 24. f5 Bf7 25. Bh4 g5 26. Nxf6+ Qxf6 27. Bxg5 Qg7 28.
Bh6 Qf6 29. Rf3 Ng7 30. Bg5 1-0

[Event "Reykjavik Open 2010"]
[Site "Reykjavik City Hall"]
[Date "2010.03.03"]
[Round "9.24"]
[White "Halldorsson, Gudmundur"]
[Black "Sareen, Vishal"]
[Result "1-0"]
[WhiteElo "2197"]
[BlackElo "2364"]
[PlyCount "81"]
[EventDate "2010.02.24"]

1. Nf3 g6 2. c4 Bg7 3. Nc3 c5 4. g3 Nc6 5. Bg2 e5 6. O-O Nge7 7. Ne1 a6 8. a4
d6 9. Nc2 Be6 10. Ne3 O-O 11. d3 Rb8 12. Bd2 Nb4 13. Qc1 a5 14. Nb5 b6 15. Bxb4
axb4 16. Nd5 Nxd5 17. Bxd5 Bxd5 18. cxd5 f5 19. e4 f4 20. f3 fxg3 21. hxg3 Rb7
22. Kg2 Rbf7 23. Qe3 h5 24. b3 Kh7 25. Rad1 Bh6 26. Qg1 Bg5 27. Qh1 Kg7 28. Qh3
h4 29. Qg4 hxg3 30. Nxd6 Rf4 31. Qe6 R4f6 32. Qxe5 Bh6 33. Nc4 Bf4 34. Qb2 Rh8
35. Rh1 Rh2+ 36. Rxh2 gxh2 37. d4 Qh8 38. dxc5 g5 39. e5 Rh6 40. e6+ Rf6 41.
Nd6 1-0

[Event "Reykjavik Open 2010"]
[Site "Reykjavik City Hall"]
[Date "2010.03.03"]
[Round "9.25"]
[White "Andersson, Christin"]
[Black "Olsen, Heini"]
[Result "0-1"]
[WhiteElo "2135"]
[BlackElo "2355"]
[PlyCount "142"]
[EventDate "2010.02.24"]

1. e4 e5 2. Nf3 Nc6 3. Bc4 Nf6 4. d3 Be7 5. c3 O-O 6. b4 a6 7. Bg5 d6 8. Nbd2
Be6 9. Bxe6 fxe6 10. Qb3 Qd7 11. Bh4 Nh5 12. Bg3 Rf7 13. a4 b6 14. Nc4 h6 15.
O-O Raf8 16. b5 Nb8 17. Ncxe5 dxe5 18. Nxe5 Qc8 19. Nxf7 Rxf7 20. Qc4 Nxg3 21.
hxg3 a5 22. e5 Qd7 23. d4 Bd8 24. Rad1 c6 25. f4 Qd5 26. Qd3 c5 27. Qg6 Nd7 28.
Kh2 c4 29. g4 Bc7 30. g3 Bd8 31. Qc2 Nf8 32. Qg2 Rd7 33. Qxd5 Rxd5 34. Kg2 Kf7
35. Kf3 Be7 36. Ke4 Ba3 37. Rb1 Be7 38. Rb2 Ba3 39. Rbf2 Be7 40. f5 Nh7 41. Rh2
Ng5+ 42. Ke3 Rd8 43. Rf4 Rd5 44. f6 Bd8 45. fxg7+ Kxg7 46. Rf1 Be7 47. Rhf2 Ba3
48. Rh1 Be7 49. Rfh2 Nf7 50. Ke2 Bg5 51. Rf1 Nxe5 52. Rhf2 Nd7 53. Rf7+ Kg6 54.
R7f3 Nf6 55. Re1 e5 56. dxe5 Nxg4 57. Rf8 Rxe5+ 58. Kf1 Be3 59. Kg2 h5 60. Rc8
Rd5 61. Rg8+ Kf5 62. Rf8+ Ke4 63. Rf4+ Kd3 64. Rd1+ Bd2 65. Rf3+ Ke2 66. Rxd2+
Kxd2 67. Kh3 Ne5 68. Rf6 Nd7 69. Rf3 Rd3 70. Rf5 Kxc3 71. Rxh5 Kb2 0-1

[Event "Reykjavik Open 2010"]
[Site "Reykjavik City Hall"]
[Date "2010.03.03"]
[Round "9.26"]
[White "Johannesson, Ingvar Thor"]
[Black "Ragnarsson, Johann"]
[Result "1-0"]
[WhiteElo "2330"]
[BlackElo "2140"]
[PlyCount "97"]
[EventDate "2010.02.24"]

1. d4 d5 2. Nf3 c6 3. c4 e6 4. e3 f5 5. Bd3 Bd6 6. O-O Nd7 7. b3 Qe7 8. Bb2 Nh6
9. Qc1 O-O 10. Ba3 Bxa3 11. Qxa3 Qf6 12. Qb2 Nf7 13. cxd5 cxd5 14. Bb5 g5 15.
Bxd7 Bxd7 16. Ne5 Nxe5 17. dxe5 Qd8 18. f4 Qb6 19. Qf2 gxf4 20. Qxf4 Rac8 21.
Nd2 Rf7 22. Rac1 Rxc1 23. Rxc1 Rg7 24. h3 Bc6 25. Qd4 Qa6 26. Rf1 Qxa2 27. Rf2
Qa3 28. b4 Rg3 29. Nf3 a6 30. Qh4 Rg7 31. Qd8+ Kf7 32. Ng5+ Rxg5 33. Qf6+ Ke8
34. Qxe6+ Kd8 35. Qf6+ Kc7 36. Qxg5 Qa1+ 37. Kh2 Qxe5+ 38. Qg3 Qxg3+ 39. Kxg3
Bd7 40. Kf4 Kd6 41. Rc2 b6 42. Ra2 Bc8 43. Ra1 Kc6 44. Rc1+ Kb7 45. Ke5 a5 46.
bxa5 bxa5 47. Kxd5 Bd7 48. Kd6 Bb5 49. Rc5 1-0

[Event "Reykjavik Open 2010"]
[Site "Reykjavik City Hall"]
[Date "2010.03.03"]
[Round "9.27"]
[White "Carstensen, Jacob"]
[Black "De Andres Gonalons, Fernando"]
[Result "1-0"]
[WhiteElo "2317"]
[BlackElo "2124"]
[PlyCount "73"]
[EventDate "2010.02.24"]

1. d4 d5 2. c4 e6 3. Nf3 c5 4. cxd5 exd5 5. g3 Nf6 6. Bg2 Be7 7. O-O O-O 8. Bg5
h6 9. Bf4 Nc6 10. dxc5 Bxc5 11. Qc2 Bd6 12. Bxd6 Qxd6 13. Rd1 Qe7 14. Nc3 Re8
15. Nd4 Qc5 16. Nxd5 Qxc2 17. Nxf6+ gxf6 18. Nxc2 Rxe2 19. Bxc6 bxc6 20. Rd8+
Kg7 21. Nd4 Rxb2 22. Nf5+ Kh7 23. Rf8 Rbb8 24. Rxf7+ Kg6 25. Nd6 Be6 26. Re7
Bd5 27. g4 Bf3 28. h3 h5 29. Kh2 Rd8 30. gxh5+ Kxh5 31. Rg1 Rh8 32. Reg7 Bd5
33. Nf7 Bxf7 34. Rxf7 c5 35. Rg4 Rac8 36. Kg3 Rcg8 37. Rxf6 1-0

[Event "Reykjavik Open 2010"]
[Site "Reykjavik City Hall"]
[Date "2010.03.03"]
[Round "9.29"]
[White "Guttulsrud, Odd Martin"]
[Black "Thorsteinsson, Thorsteinn"]
[Result "1/2-1/2"]
[WhiteElo "2061"]
[BlackElo "2278"]
[PlyCount "48"]
[EventDate "2010.02.24"]

1. e4 e5 2. Nf3 Nc6 3. Bb5 a6 4. Ba4 Nf6 5. O-O Be7 6. Re1 b5 7. Bb3 d6 8. c3
O-O 9. h3 Na5 10. Bc2 c5 11. d4 Nd7 12. Nbd2 exd4 13. cxd4 Nc6 14. d5 Nce5 15.
Nxe5 Nxe5 16. f4 Ng6 17. Nf3 Bh4 18. Nxh4 Qxh4 19. Rf1 Kh8 20. Qf3 f5 21. exf5
Bxf5 22. Bxf5 Rxf5 23. Bd2 Raf8 24. Rae1 Re5 1/2-1/2

[Event "Reykjavik Open 2010"]
[Site "Reykjavik City Hall"]
[Date "2010.03.03"]
[Round "9.30"]
[White "Olafsson, Thorvardur"]
[Black "Tozer, Philip"]
[Result "1-0"]
[WhiteElo "2217"]
[BlackElo "2119"]
[PlyCount "117"]
[EventDate "2010.02.24"]

1. e4 e6 2. d4 d5 3. Nd2 Nf6 4. e5 Nfd7 5. Bd3 c5 6. c3 Nc6 7. Ne2 cxd4 8. cxd4
f6 9. exf6 Nxf6 10. Nf3 Bd6 11. O-O O-O 12. Bf4 Bxf4 13. Nxf4 Ne4 14. g3 Qf6
15. h4 h6 16. Bxe4 dxe4 17. Ne5 Rd8 18. Nxc6 bxc6 19. Qa4 g5 20. Ng2 Rb8 21.
Qxa7 Rxb2 22. Rab1 Rd2 23. Rb8 Rf8 24. Qa8 Rxf2 25. Rxf2 Qxf2+ 26. Kh2 Bd7 27.
Rxf8+ Qxf8 28. Qxf8+ Kxf8 29. Ne3 Ke7 30. Kg2 Be8 31. hxg5 hxg5 32. Nc4 Bh5 33.
Kf2 Bd1 34. Ke3 Bc2 35. Nd2 e5 36. dxe5 Ke6 37. Nxe4 Kxe5 38. Nxg5 Kf5 39. Nf3
Ba4 40. Nh2 Ke5 41. Ng4+ Kd5 42. Nf2 Kc4 43. g4 c5 44. Ne4 Kb4 45. g5 Be8 46.
Kd2 Bf7 47. Nc3 Ka3 48. Kd3 Bg8 49. g6 Be6 50. g7 Bg8 51. Ke4 Bf7 52. Ke5 c4
53. Kd4 Bg8 54. Nd5 Kxa2 55. Kxc4 Bf7 56. Kc5 Kb3 57. Nf4 Kc3 58. Nh3 Bg8 59.
Ng5 1-0

[Event "Reykjavik Open 2010"]
[Site "Reykjavik City Hall"]
[Date "2010.03.03"]
[Round "9.31"]
[White "Thorsteinsson, Erlingur"]
[Black "Steil-Antoni, Fiona"]
[Result "0-1"]
[WhiteElo "2123"]
[BlackElo "2198"]
[PlyCount "82"]
[EventDate "2010.02.24"]

1. d4 d6 2. Nf3 Bg4 3. Nbd2 Nd7 4. e3 Ngf6 5. Be2 e5 6. h3 Bh5 7. b3 e4 8. Nh2
Bxe2 9. Qxe2 d5 10. O-O c6 11. Bb2 Bd6 12. f4 exf3 13. Nhxf3 Qe7 14. e4 Nxe4
15. Nxe4 dxe4 16. Nd2 Nf6 17. Nc4 O-O 18. Ne3 g6 19. c4 Ne8 20. c5 Bc7 21. Qc4
Qg5 22. Rae1 h5 23. d5 Be5 24. Bxe5 Qxe5 25. d6 Kg7 26. Nc2 Nf6 27. Rf2 Nd7 28.
b4 f5 29. Nd4 Rf6 30. Rd2 a5 31. a3 axb4 32. axb4 Qg3 33. Rf2 Ne5 34. Ne6+ Kh8
35. Qd4 Rxe6 36. Rxe4 fxe4 37. d7 Qg5 38. Kh2 h4 39. Rf1 Kg8 40. Kh1 Nf7 41.
Qf2 Re7 0-1

[Event "Reykjavik Open 2010"]
[Site "Reykjavik City Hall"]
[Date "2010.03.03"]
[Round "9.33"]
[White "Jonsson, Olafur Gisli"]
[Black "Bick, John D"]
[Result "0-1"]
[WhiteElo "1872"]
[BlackElo "2248"]
[PlyCount "80"]
[EventDate "2010.02.24"]

1. d4 c5 2. d5 f5 3. e4 fxe4 4. Nc3 Nf6 5. Bg5 a6 6. a4 d6 7. f3 Nbd7 8. fxe4
Ne5 9. Nf3 Nf7 10. Be2 g6 11. O-O Bg7 12. Qd2 b6 13. Kh1 h6 14. Bh4 g5 15. Bg3
Nh5 16. Bf2 Nf4 17. Bc4 O-O 18. Rae1 Ne5 19. Nxe5 Bxe5 20. Be3 Qe8 21. g3 Nh5
22. Qd1 Nf6 23. Bd2 Bd7 24. b3 b5 25. axb5 axb5 26. Bd3 b4 27. Nb1 Ra1 28. Qe2
Bg4 29. Qg2 Qd7 30. Rf5 Bxf5 31. exf5 Kg7 32. Qf3 Qe8 33. g4 Qa8 34. Be4 Qa2
35. Kg2 Rxb1 36. Rxb1 Qxb1 37. h4 Nxe4 38. Qxe4 Bf6 39. h5 Rh8 40. Be1 Ra8 0-1

[Event "Reykjavik Open 2010"]
[Site "Reykjavik City Hall"]
[Date "2010.03.03"]
[Round "9.35"]
[White "Ocantos, Manuel"]
[Black "Scholzen, Wolfgang"]
[Result "0-1"]
[WhiteElo "2158"]
[BlackElo "2040"]
[PlyCount "89"]
[EventDate "2010.02.24"]

1. e4 d6 2. f4 e5 3. Bc4 Nc6 4. Nf3 Bg4 5. Nc3 Nd4 6. O-O Nxf3+ 7. gxf3 Bh3 8.
Rf2 d5 9. Nxd5 Bc5 10. d4 Bxd4 11. Be3 Bxe3 12. Nxe3 exf4 13. Qxd8+ Rxd8 14.
Nd5 g5 15. Nxc7+ Kf8 16. Nd5 Ne7 17. Nxe7 Kxe7 18. Bd5 Rd7 19. Rd2 Rhd8 20. c4
Kf6 21. b4 Be6 22. a4 Ke5 23. Re1 h5 24. Kf2 g4 25. a5 Rg8 26. Rg1 f6 27. a6 b6
28. c5 bxc5 29. bxc5 Rc8 30. Rc1 Rc6 31. Re2 Rxa6 32. c6 Rc7 33. Rd2 Ra3 34.
fxg4 hxg4 35. Rc5 Kd6 36. Rc1 g3+ 37. hxg3 fxg3+ 38. Kg2 Bc8 39. Rf1 Ke5 40.
Rh1 Bg4 41. Rh8 Bf3+ 42. Kxg3 Rg7+ 43. Kh2 Ra1 44. Kh3 Rh1+ 45. Rh2 0-1

[Event "Reykjavik Open 2010"]
[Site "Reykjavik City Hall"]
[Date "2010.03.03"]
[Round "9.37"]
[White "Brynjarsson, Helgi"]
[Black "Zaremba, Andrie"]
[Result "0-1"]
[WhiteElo "1964"]
[BlackElo "2360"]
[PlyCount "64"]
[EventDate "2010.02.24"]

1. e4 c5 2. Nc3 Nc6 3. g3 g6 4. Bg2 Bg7 5. Nge2 e6 6. d3 Nge7 7. O-O O-O 8. Bg5
h6 9. Be3 Nd4 10. Qd2 Kh7 11. Bxd4 cxd4 12. Nd1 d5 13. c3 dxe4 14. dxe4 Nc6 15.
cxd4 Nxd4 16. Nxd4 Qxd4 17. Qxd4 Bxd4 18. Rc1 Bd7 19. Nc3 Bc6 20. Rc2 Rfd8 21.
Ne2 Bb6 22. e5 Bxg2 23. Kxg2 Rd5 24. f4 Rad8 25. a3 Rd2 26. Rfc1 g5 27. Kf3 Kg6
28. Kg2 Kf5 29. Kf1 gxf4 30. gxf4 Ke4 31. Kg2 Rxc2 32. Rxc2 Kd3 0-1

[Event "Reykjavik Open 2010"]
[Site "Reykjavik City Hall"]
[Date "2010.03.03"]
[Round "9.38"]
[White "Botheim, Tor"]
[Black "Einarsson, Halldor"]
[Result "0-1"]
[WhiteElo "1944"]
[BlackElo "2260"]
[PlyCount "48"]
[EventDate "2010.02.24"]

1. e4 c5 2. Nf3 Nc6 3. d4 cxd4 4. Nxd4 Nf6 5. Nc3 e5 6. Ndb5 d6 7. Bg5 a6 8.
Na3 b5 9. Bxf6 gxf6 10. Nd5 f5 11. c3 Bg7 12. Bd3 Be6 13. O-O O-O 14. Qh5 f4
15. Rfd1 Kh8 16. Nc2 Rg8 17. a4 bxa4 18. Rxa4 Bf8 19. Qe2 f3 20. Qe3 Rxg2+ 21.
Kf1 Bh3 22. Ke1 Qh4 23. Qb6 Rb8 24. Qe3 Rg1+ 0-1

[Event "Reykjavik Open 2010"]
[Site "Reykjavik City Hall"]
[Date "2010.03.03"]
[Round "9.39"]
[White "Benediktsson, Frimann"]
[Black "Halldorsson, Jon Arni"]
[Result "1/2-1/2"]
[WhiteElo "1930"]
[BlackElo "2189"]
[PlyCount "43"]
[EventDate "2010.02.24"]

1. d4 d5 2. c4 c6 3. cxd5 cxd5 4. Nc3 Nf6 5. Nf3 Nc6 6. Bf4 a6 7. e3 Bg4 8. Be2
e6 9. O-O Be7 10. Rc1 O-O 11. Ne5 Bxe2 12. Qxe2 Rc8 13. Nd3 Na5 14. Bg5 Nc4 15.
Bxf6 Bxf6 16. b3 Nd6 17. Na4 Qa5 18. Qe1 Qb5 19. Nac5 Rc7 20. Qd2 Rfc8 21. f3
Qb6 22. Na4 1/2-1/2

[Event "Reykjavik Open 2010"]
[Site "Reykjavik City Hall"]
[Date "2010.03.03"]
[Round "9.41"]
[White "Bergsson, Stefan"]
[Black "Thorsteinsdottir, Hallgerdur"]
[Result "0-1"]
[WhiteElo "2079"]
[BlackElo "1946"]
[PlyCount "48"]
[EventDate "2010.02.24"]

1. e4 c6 2. Ne2 d5 3. e5 c5 4. d4 Nc6 5. c3 Bg4 6. f3 Bd7 7. dxc5 e6 8. b4 Nxe5
9. Nd4 a5 10. f4 Ng6 11. Bd3 axb4 12. cxb4 b6 13. c6 Bxb4+ 14. Bd2 Bxd2+ 15.
Nxd2 Bc8 16. O-O N8e7 17. Qh5 Ba6 18. Bxa6 Rxa6 19. g4 Qd6 20. Kh1 Ra4 21. N2b3
Nxc6 22. Nxc6 Qxc6 23. Rac1 Rc4 24. Nd4 Rxc1 0-1

[Event "Reykjavik Open 2010"]
[Site "Reykjavik City Hall"]
[Date "2010.03.03"]
[Round "9.43"]
[White "Antonsson, Atli"]
[Black "Christensen, Esben"]
[Result "0-1"]
[WhiteElo "1716"]
[BlackElo "2008"]
[PlyCount "154"]
[EventDate "2010.02.24"]

1. d4 Nf6 2. c4 c5 3. d5 b5 4. Qc2 bxc4 5. e4 d6 6. Bxc4 g6 7. Nf3 Bg7 8. O-O
O-O 9. h3 Qb6 10. Na3 Ba6 11. Rb1 Nbd7 12. Be3 Qb7 13. Bf4 Rfc8 14. Qe2 Bxc4
15. Nxc4 Qb5 16. b3 Nb6 17. Rfd1 Rab8 18. Qc2 Rb7 19. Ne3 Nfd7 20. Nd2 Rcb8 21.
Ndc4 Nxc4 22. Nxc4 Nb6 23. Nd2 Qb4 24. Rbc1 Nxd5 25. Bxd6 exd6 26. exd5 Bh6 27.
Rb1 Bxd2 28. Rxd2 Re7 29. Rb2 Rbe8 30. Qc4 Re1+ 31. Kh2 Qb7 32. b4 cxb4 33.
Rxb4 Qe7 34. Qf4 Rc1 35. Rdb2 Qe5 36. Rd2 Rc5 37. Qxe5 Rxe5 38. Rbd4 Ra5 39. f4
Re3 40. Rb4 Rea3 41. Rbb2 R5a4 42. g3 Rf3 43. Rb8+ Kg7 44. Rd8 Ra6 45. h4 h5
46. Rd7 Rfa3 47. Kg1 Rxg3+ 48. Rg2 Rf3 49. Rf2 Rxf2 50. Kxf2 Rxa2+ 51. Kf3 Ra6
52. Rd8 Kf6 53. Rd7 Kg7 54. Rd8 Rb6 55. Ke4 Kf6 56. Rd7 a5 57. Kd4 Ra6 58. Kc3
a4 59. Kb2 a3+ 60. Ka2 Ra4 61. Rxd6+ Ke7 62. Rb6 Rxf4 63. Kxa3 Rxh4 64. Kb3 Rd4
65. Rb5 Kd6 66. Rb7 Rxd5 67. Rxf7 Ke6 68. Rf8 Rf5 69. Rg8 Kf6 70. Kc3 Rd5 71.
Rf8+ Kg5 72. Rf1 h4 73. Rg1+ Kh5 74. Rg2 g5 75. Kc4 Rd1 76. Rh2 g4 77. Ra2 g3
0-1

[Event "Reykjavik Open 2010"]
[Site "Reykjavik City Hall"]
[Date "2010.03.03"]
[Round "9.44"]
[White "Johannsdottir, Johanna Bjorg"]
[Black "Kleinert, Juergen"]
[Result "0-1"]
[WhiteElo "1705"]
[BlackElo "2004"]
[PlyCount "50"]
[EventDate "2010.02.24"]

1. e4 b6 2. d4 Bb7 3. Bd3 Nf6 4. d5 e6 5. c4 exd5 6. exd5 c6 7. Nc3 Bb4 8. Qe2+
Qe7 9. dxc6 Bxc3+ 10. bxc3 Qxe2+ 11. Nxe2 dxc6 12. Nd4 O-O 13. O-O Nbd7 14. Bg5
Ne5 15. Be2 Ne4 16. Bf4 Ng6 17. Be3 Nxc3 18. Bf3 Ne5 19. a4 Nxf3+ 20. Nxf3 c5
21. Nd2 f5 22. Bg5 h6 23. Be7 Ne2+ 24. Kh1 Rfe8 25. Bd6 Rad8 0-1

[Event "Reykjavik Open 2010"]
[Site "Reykjavik City Hall"]
[Date "2010.03.03"]
[Round "9.45"]
[White "Yurenok, Maria S"]
[Black "Karlsson, Mikael Johann"]
[Result "1/2-1/2"]
[WhiteElo "1974"]
[BlackElo "1714"]
[PlyCount "87"]
[EventDate "2010.02.24"]

1. d4 d5 2. c4 c6 3. Nf3 Nf6 4. Nc3 e6 5. Bg5 dxc4 6. e4 h6 7. Bxf6 Qxf6 8.
Bxc4 Nd7 9. e5 Qd8 10. O-O b5 11. Bb3 Bb7 12. Qe2 a6 13. Rfd1 Be7 14. Ne4 O-O
15. Rac1 Qb6 16. Qe3 Rac8 17. Nc5 Rfd8 18. Nd2 Nf8 19. Nde4 a5 20. a3 a4 21.
Ba2 Ba8 22. Qg3 Kh8 23. Qf4 Kg8 24. Qg4 Bxc5 25. dxc5 Rxd1+ 26. Rxd1 Qc7 27.
Rd6 Qe7 28. f4 Kh8 29. g3 Rb8 30. Qd1 Qc7 31. Qd4 Kg8 32. Bb1 b4 33. axb4 Qb7
34. Rd8 Rxd8 35. Qxd8 Qxb4 36. Qd2 Qc4 37. Qc3 Qd5 38. Qc2 Qd4+ 39. Kg2 Bb7 40.
Qc3 Qd5 41. Qd3 Nd7 42. Kh3 g6 43. Nf6+ Nxf6 44. exf6 1/2-1/2

[Event "Reykjavik Open 2010"]
[Site "Reykjavik City Hall"]
[Date "2010.03.03"]
[Round "9.46"]
[White "Sigurdsson, Sverrir"]
[Black "Andrason, Pall"]
[Result "1-0"]
[WhiteElo "2016"]
[BlackElo "1587"]
[PlyCount "57"]
[EventDate "2010.02.24"]

1. e4 e5 2. Nf3 Nc6 3. Bb5 Bc5 4. O-O d6 5. h3 Nf6 6. Re1 O-O 7. c3 Bd7 8. d4
exd4 9. cxd4 Bb4 10. Nc3 a6 11. Bxc6 Bxc6 12. Bg5 Qc8 13. Bxf6 gxf6 14. Nh4
Bxc3 15. bxc3 Bd7 16. Qh5 Kh8 17. Qh6 Qd8 18. Re3 Rg8 19. Rf3 Qe7 20. Re1 Rg7
21. Kh2 f5 22. Nxf5 Bxf5 23. Rxf5 Rag8 24. g3 Qd7 25. Qf6 Qa4 26. e5 Qxa2 27.
exd6 cxd6 28. Rg5 Qa4 29. Re7 1-0

[Event "Reykjavik Open 2010"]
[Site "Reykjavik City Hall"]
[Date "2010.03.03"]
[Round "9.47"]
[White "Palsson, Svanberg Mar"]
[Black "Gardarsson, Hordur"]
[Result "1/2-1/2"]
[WhiteElo "1769"]
[BlackElo "1888"]
[PlyCount "45"]
[EventDate "2010.02.24"]

1. d4 Nf6 2. c4 e6 3. Nc3 d5 4. cxd5 exd5 5. Nf3 c6 6. g3 Be7 7. Bg2 O-O 8. Ne5
Nfd7 9. Nxd7 Nxd7 10. e4 dxe4 11. Nxe4 Nf6 12. O-O Nxe4 13. Bxe4 Bf6 14. Be3
Be6 15. Qc2 g6 16. b3 Bd5 17. Bxd5 Qxd5 18. Rac1 Rad8 19. Rfd1 Rd7 20. Rd2 Rfd8
21. Rcd1 h5 22. h4 a6 23. Qc3 1/2-1/2

[Event "Reykjavik Open 2010"]
[Site "Reykjavik City Hall"]
[Date "2010.03.03"]
[Round "9.48"]
[White "Lee, Gudmundur Kristinn"]
[Black "Unnarsson, Sverrir"]
[Result "0-1"]
[WhiteElo "1534"]
[BlackElo "1958"]
[PlyCount "68"]
[EventDate "2010.02.24"]

1. e4 d5 2. exd5 Nf6 3. Nc3 Nxd5 4. Bc4 Nb6 5. Bb3 Bf5 6. Nf3 e6 7. d3 Nc6 8.
Be3 Be7 9. Qe2 Bf6 10. Bd2 Qe7 11. O-O-O O-O-O 12. h3 Na5 13. Kb1 Nxb3 14. axb3
h6 15. Rhe1 Rhe8 16. Ne4 Nd5 17. Nxf6 Nxf6 18. Ne5 Nd5 19. g4 Bh7 20. f4 f6 21.
Nc4 Qc5 22. Be3 Qb5 23. Qf2 a5 24. Na3 Qa6 25. Rd2 a4 26. bxa4 Qxa4 27. Nc4 b5
28. b3 Qa6 29. Bd4 bxc4 30. dxc4 Nb4 31. Bc3 Qa2+ 32. Kc1 Rxd2 33. Qxd2 Bxc2
34. Qd4 Rd8 0-1